1693 1583 1691 1409 1723 1374 1255 1988 1389 1268 1164 1766 1065 1503 1302 1317 1671 1330 1380 1491 1592 1399 1158 1930 1692 1106 1084 1182 1949 1989 1527 1245 1207 1558 1314 1690 1914 1755 1475 1619 1882 1023 1598 1115 1891 1798 1411 1615 1618 1205 1222 1839 1985 1208 1277 1626 1553 1124 1855 1698 1345 1162 1538 1374 1951 1087 1475 1309 1520 1918 1344 1956 1192 1048 1320 1793 1241 1421 1732 1935 1375 1855 1950 1310 1682 1265 1772 1924 1301 1011 1719 1287 1759 1740 1504 1173 1697 1731 1192 BCNSPRNW ULIB Ver.6.0+V

เปลี่ยนเป็นภาษาไทย

Change to English
 แสดงรายละเอียดบรรณานุกรม
  กลับหน้าหลัก

Brief Record : Get Marc (ISO 2709) : E-mail record : QR code < ปิดหน้าต่าง
LEADER : 00000nam 2200000uu 4500
001    13399120708
003     ULIB
008    121005s2548||||th 000 0 tha d
020    ^a9746565753
060 04 ^aWY159^bอ863บ
100 0  ^aอุษณีย์ จินตะเวช
245 10 ^aบทบาทของพยาบาลเกี่ยวกับภาวะออกซิเจนในเด็ก /^cอุษณีย์จินตะเวช
250    ^aพิมพ์ครั้งที่ 1
260    ^aเชียงใหม่ :^bโครงการตำรา คณะพยาบาลศาสตร์มหาวิทยาลัยเชียงใหม่,^c2548
300    ^aก-ช, 87 หน้า :^bภาพประกอบ
650  7 ^aการพยาบาลกุมารเวชศาสตร์
650  7 ^aการหายใจ
650  7 ^aออกซิเจน
710 2  ^aมหาวิทยาลัยเชียงใหม่. ^bคณะพยาบาลศาสตร์. ^bโครงการตำรา
945    ^p150^l0^i13857
995    ^aทศพร
999    ^aทศพร เกษรทอง
รายการนี้ยังไม่มีแท็ก
คุณยังไม่ได้ล็อกอิน คุณสามารถมีกิจกรรมร่วมกับเว็บไซต์ได้ แต่ต้องล็อกอินก่อน ::
  ล็อกอิน

รายการสื่อสารสนเทศ

ลำดับที่ ประเภท เลขเรียก/บาร์โค้ด สถานที่ สถานะ
1. วิทยาศาสตร์การแพทย์ และสุขภาพ
วิทยาศาสตร์การแพทย์ และสุขภาพ
WY159 อ863บ ฉ.1 
  Barcode: 13857
ห้องสมุดวิทยาเขตสวรรค์ประชารักษ์
►หนังสือทั่วไป
ถูกยืม กำหนดส่งวันที่ 11 พฤษภาคม 2558
  จอง

รายการใกล้เคียง
    ผู้แต่ง [อุษณีย์ จินตะเวช]

    หัวเรื่อง [การพยาบาลกุมารเวชศาสตร์]
    หัวเรื่อง [การหายใจ]
    หัวเรื่อง [ออกซิเจน]

BibComment


ยังไม่เคยถูกคอมเมนท์

คอมเมนท์ทรัพยากรรายการนี้
  คอมเมนท์: บทบาทของพยาบาลเก..


 Copyright 2026. Bcnsprnw @Library